Let's know about Africa / (Record no. 9338)

MARC details
000 -LEADER
fixed length control field 00994nam a22002417a 4500
001 - CONTROL NUMBER
control field 9338
003 - CONTROL NUMBER IDENTIFIER
control field FISKH
005 - DATE AND TIME OF LATEST TRANSACTION
control field 20251211110645.0
008 - FIXED-LENGTH DATA ELEMENTS--GENERAL INFORMATION
fixed length control field 251211b cb ||||| |||| 00| 0 eng d
040 ## - CATALOGING SOURCE
Original cataloging agency FISKH
Language of cataloging eng
Transcribing agency FISKH
Modifying agency FISKH
082 ## - DEWEY DECIMAL CLASSIFICATION NUMBER
Classification number 960
100 ## - MAIN ENTRY--PERSONAL NAME
Personal name Dutta, Shyama
245 ## - TITLE STATEMENT
Title Let's know about Africa /
260 ## - PUBLICATION, DISTRIBUTION, ETC.
Place of publication, distribution, etc. Viman Nagar :
Name of publisher, distributor, etc. Unicate Press,
Date of publication, distribution, etc. 2003.
300 ## - PHYSICAL DESCRIPTION
Extent 12 unnumbered pages :
Other physical details color illustrations ;
Dimensions 21 cm
505 ## - FORMATTED CONTENTS NOTE
Formatted contents note G<br/>
520 ## - SUMMARY, ETC.
Summary, etc. "Let's Know About Africa" offers an engaging and accessible introduction to the continent of Africa, exploring its diverse geography, rich cultures, wildlife, and history. With simple explanations and illustrations, this book is designed to educate young readers about Africa in a fun and engaging way. Ideal for early readers or educational use.
521 8# - TARGET AUDIENCE NOTE
Target audience note 400<br/>
Source Lexile estimate<br/>
521 8# - TARGET AUDIENCE NOTE
Target audience note G<br/>
Source Raz-Plus<br/>
650 ## - SUBJECT ADDED ENTRY--TOPICAL TERM
Topical term or geographic name entry element Cultural Education History
Form subdivision Early Reader
942 ## - ADDED ENTRY ELEMENTS (KOHA)
Source of classification or shelving scheme Dewey Decimal Classification
Koha item type Books
Suppress in OPAC No
Holdings
Withdrawn status Lost status Source of classification or shelving scheme Damaged status Not for loan Collection Home library Current library Shelving location Date acquired Total Checkouts Full call number Barcode Date last seen Copy number Price effective from Koha item type
    Dewey Decimal Classification     Non-Fiction Footprints International School Library Network Toul Tom Poung Campus Footprints International School Library Network Toul Tom Poung Campus TTP Primary Dark Blue Bookshelves 12/11/2025   DUT 960 FISBK05914 12/11/2025 1 12/11/2025 Books